Las Minas antipersonales en Nicaragua. Segundo informe independiente

Salvato in:
Dettagli Bibliografici
Ente Autore: Centro de Estudios Internacionales
Natura: testo
Pubblicazione: Managua: CEI
Tags: Aggiungi Tag
Nessun Tag, puoi essere il primo ad aggiungerne!!

MARC

LEADER 00000 a a2200000 04500
001 18293
003
040
090 |a 142700  
110 |a Centro de Estudios Internacionales  
245 |a Las Minas antipersonales en Nicaragua. Segundo informe independiente  
260 |a Managua:   |b CEI  
300 |a 72 p  
300 |b il.  
999 |c 15406  |d 15406